Statistics for long story short - Taylor Swift (All Lyrics)

Click here to take the quiz!

General Stats

  • This quiz has been taken 495 times
  • The average score is 310 of 384

Answer Stats

Answer% Correct
a
100%
I
100%
it
98%
story
98%
The
98%
the
98%
Long
97%
short
97%
was
97%
time
95%
you
95%
bad
94%
to
93%
and
92%
And
92%
in
91%
me
89%
No
89%
your
88%
Your
88%
all
87%
I'm
87%
Right
87%
right
87%
wrong
86%
about
85%
from
85%
he
85%
my
85%
down
84%
guy
84%
Now
84%
of
83%
hole
82%
rabbit
82%
fell
81%
if
81%
If
81%
on
81%
survived
79%
yeah
79%
Yeah
79%
When
78%
nearest
77%
by
76%
shoe
76%
til
76%
walk
76%
Ever
75%
fits
75%
we
75%
go
74%
just
74%
lips
73%
more
73%
pedestal
73%
war
73%
keep
72%
like
72%
Like
72%
score
71%
battle
70%
keepin
70%
pick
70%
But
69%
high
69%
this
69%
break
68%
get
67%
heels
67%
picked
67%
battles
66%
know
66%
not
66%
Pushed
66%
warm
66%
Clung
65%
precipice
65%
before
64%
evermore
64%
tried
64%
Will
64%
At
63%
at
63%
things
63%
Past
62%
ready
62%
these
61%
Cause
60%
chance
60%
passed
60%
sleep
60%
tell
60%
tug
60%
us
60%
lost
59%
petty
59%
surrounded
59%
there's
59%
ways
59%
alley
58%
always
58%
as
58%
both
58%
Misery
58%
sides
58%
themselves
58%
words
58%
look
57%
swing
57%
they
57%
up
57%
back
56%
defeat
56%
live
56%
comes
55%
cuts
55%
door
55%
everywhere
55%
knife
55%
peace
55%
shore
55%
someone
55%
knocked
54%
meet
54%
sky
54%
waves
54%
better
53%
Fatefully
53%
rear
53%
shouted
53%
sword
53%
view
53%
home
52%
Missing
52%
must
52%
bushes
51%
Climbed
51%
once
51%
wanna
51%
feels
50%
Actually
49%
felt
49%
gates
49%
held
49%
he's
49%
keys
49%
passing
49%
comet
48%
golden
48%
cliff
47%
dropped
47%
Rare
47%
threw
47%
glimmer
45%
nemeses
45%

Score Distribution

Percentile by Number Answered

Percent of People with Each Score

Your Score History

You have not taken this quiz